Statistics for Fast Typing - FJ

Click here to take the quiz!

General Stats

  • This quiz has been taken 689 times
  • The average score is 95 of 200

Answer Stats

% Correct
F
99%
F
98%
J
98%
J
97%
F
95%
F
93%
F
93%
F
93%
J
93%
J
93%
J
93%
F
92%
J
92%
J
91%
F
90%
F
90%
F
90%
J
90%
J
90%
J
89%
F
88%
F
88%
J
88%
J
88%
F
87%
F
87%
J
87%
J
86%
F
85%
F
85%
F
85%
F
85%
J
85%
J
85%
J
85%
J
83%
F
82%
F
82%
J
82%
J
82%
F
80%
F
79%
J
79%
J
79%
F
78%
F
78%
J
78%
J
78%
F
77%
F
76%
J
76%
F
75%
J
75%
J
74%
F
72%
F
71%
F
71%
J
71%
J
71%
F
70%
J
70%
J
69%
F
68%
J
67%
F
65%
F
65%
J
65%
F
64%
J
64%
F
63%
J
63%
J
63%
F
62%
J
61%
F
60%
F
60%
F
60%
J
60%
J
60%
J
60%
F
59%
F
57%
F
57%
F
57%
F
57%
F
57%
J
57%
J
57%
J
57%
J
57%
J
57%
F
56%
J
56%
F
53%
J
53%
J
53%
F
52%
F
50%
J
50%
J
49%
F
48%
J
48%
F
46%
J
45%
F
44%
J
44%
F
43%
J
43%
F
40%
J
40%
F
39%
F
39%
F
39%
J
39%
J
39%
J
39%
F
38%
J
38%
F
36%
J
35%
F
33%
J
33%
F
32%
J
32%
F
30%
J
29%
F
27%
J
27%
F
25%
F
24%
J
24%
F
23%
J
23%
F
22%
J
22%
F
21%
F
21%
J
21%
J
21%
F
20%
F
20%
J
20%
J
20%
J
19%
F
18%
F
18%
J
18%
J
18%
F
17%
F
17%
F
17%
F
17%
F
17%
F
17%
J
17%
J
17%
J
17%
J
17%
J
17%
J
16%
F
15%
J
14%
F
13%
J
13%
F
11%
F
10%
F
10%
J
10%
J
10%
J
10%
F
9%
F
9%
J
9%
J
9%
F
8%
F
8%
F
8%
F
8%
F
8%
J
8%
J
8%
J
8%
J
8%
J
8%
F
7%
F
7%
F
7%
F
7%
F
7%
F
7%
F
7%
F
7%
J
7%
J
7%
J
7%
J
7%
J
7%
J
7%
J
7%
J
7%

Score Distribution

Percentile by Number Answered

Percent of People with Each Score

Your Score History

You have not taken this quiz